News reporting and writing. / (Record no. 9072)

MARC details
000 -LEADER
fixed length control field 01923cam a22003494a 4500
001 - CONTROL NUMBER
control field 12233185
003 - CONTROL NUMBER IDENTIFIER
control field OSt
005 - DATE AND TIME OF LATEST TRANSACTION
control field 20220715153422.0
008 - FIXED-LENGTH DATA ELEMENTS--GENERAL INFORMATION
fixed length control field 001116s2002 maua b 001 0 eng
010 ## - LIBRARY OF CONGRESS CONTROL NUMBER
LC control number 00111168
020 ## - INTERNATIONAL STANDARD BOOK NUMBER
International Standard Book Number 0312391145 (book)
020 ## - INTERNATIONAL STANDARD BOOK NUMBER
International Standard Book Number 0312391625 (CD)
020 ## - INTERNATIONAL STANDARD BOOK NUMBER
International Standard Book Number 0312396988 (book/CD)
040 ## - CATALOGING SOURCE
Original cataloging agency DLC
Transcribing agency LC
Modifying agency DLC
042 ## - AUTHENTICATION CODE
Authentication code pcc
050 00 - LIBRARY OF CONGRESS CALL NUMBER
Classification number PN4781.N55
082 00 - DEWEY DECIMAL CLASSIFICATION NUMBER
Classification number 070.4/3
Edition number 21
245 00 - TITLE STATEMENT
Title News reporting and writing. /
Statement of responsibility, etc. The Missouri Group: Brian S. Brooks ... [et al.].
250 ## - EDITION STATEMENT
Edition statement 7th ed.
260 ## - PUBLICATION, DISTRIBUTION, ETC.
Place of publication, distribution, etc. Boston:
Name of publisher, distributor, etc. Bedford/St. Martin's,
Date of publication, distribution, etc. 2002.
300 ## - PHYSICAL DESCRIPTION
Extent xxviii, 548 p. :
Other physical details ill. ;
Dimensions 24 cm. +
Accompanying material 1 computer optical disc (4 3/4 in.)
504 ## - BIBLIOGRAPHY, ETC. NOTE
Bibliography, etc. note Includes bibliographical references and index.
505 ## - FORMATTED CONTENTS NOTE
Formatted contents note Contents: Journalism and journalists: The nature of news -- The changing news business -- Reporting tools: Interviewing -- In their own words -- Gathering information -- Reporting with numbers -- Storytelling: The inverted pyramid -- Writing to be read -- Beyond the inverted pyramid -- Basic stories: Obituaries -- News releases -- Speeches, news conferences and meetings -- Other types of basic stories -- Beat reporting: Covering a beat -- Business and consumer news -- Sports -- Specialized techniques: Social science reporting -- Investigate reporting -- Writing news for radio and television -- Writing for online media -- Rights and responsibilities: Writing for public relations -- Media law -- Ethics --
538 ## - SYSTEM DETAILS NOTE
System details note System requirements for accompanying computer disk: For Windows and Macintosh, minimum screen resolution 800 x 600.
650 #0 - SUBJECT ADDED ENTRY--TOPICAL TERM
Topical term or geographic name entry element Reporters and reporting.
650 #0 - SUBJECT ADDED ENTRY--TOPICAL TERM
Topical term or geographic name entry element Journalism
General subdivision Authorship.
700 1# - ADDED ENTRY--PERSONAL NAME
Personal name Brooks, Brian S.
710 2# - ADDED ENTRY--CORPORATE NAME
Corporate name or jurisdiction name as entry element Missouri Group.
906 ## - LOCAL DATA ELEMENT F, LDF (RLIN)
a 7
b cbc
c orignew
d 2
e epcn
f 20
g y-gencatlg
942 ## - ADDED ENTRY ELEMENTS (KOHA)
Source of classification or shelving scheme Library of Congress Classification
Koha item type Books
Holdings
Withdrawn status Lost status Source of classification or shelving scheme Damaged status Not for loan Home library Current library Shelving location Date acquired Full call number Barcode Date last seen Price effective from Koha item type Total Checkouts Copy number
    Library of Congress Classification     WISCONSIN INTERNATIONAL UNIVERSITY COLLEGE, GHANA KUMASI LIBRARY WISCONSIN INTERNATIONAL UNIVERSITY COLLEGE, GHANA KUMASI LIBRARY General Stacks 12/07/2022 PN4781.N55(7e) K/2877/0011/22 15/07/2022 15/07/2022 Books    
    Library of Congress Classification     WISCONSIN INTERNATIONAL UNIVERSITY COLLEGE, GHANA KUMASI LIBRARY WISCONSIN INTERNATIONAL UNIVERSITY COLLEGE, GHANA KUMASI LIBRARY General Stacks 15/03/2010 PN4781.N55 K/3066/0164/23 03/10/2023 03/10/2023 Books   2

If you have any concerns or questions; kindly contact the library


© Powered by WIUC ICT DIRECTORATE